CS:GO Knife Skins - Statistics

General Stats
  • This quiz has been taken 561 times
  • The average score is 14 of 25
Answer Stats
Hint Answer % Correct
Chroma Doppler
93%
Base Fade
82%
Gamma Gamma Doppler
81%
Chroma Tiger Tooth
72%
Chroma Marble Fade
69%
Base Crimson Web
68%
Gamma Lore
62%
Base Case Hardened
59%
Base Safari Mesh
58%
Base Slaughter
58%
Base Night
55%
Chroma Ultraviolet
54%
Base Vanilla
54%
Gamma Black Laminate
53%
Base Forest DDPAT
53%
Gamma Autotronic
52%
Base Blue Steel
51%
Chroma Rust Coat
51%
Chroma Damascus Steel
48%
Base Urban Masked
48%
Base Boreal Forest
46%
Base Stained
45%
Gamma Freehand
44%
Base Scorched
43%
Gamma Bright Water
42%
No matching quizzes found
Score Distribution
Percent of People with Each Score
Percentile by Number Answered
Your Score History
You have not taken this quiz